The essential rice cookbook / (Record no. 4104)

MARC details
000 -LEADER
fixed length control field 00516nam a22001697a 4500
003 - CONTROL NUMBER IDENTIFIER
control field OSt
005 - DATE AND TIME OF LATEST TRANSACTION
control field 20250820035502.0
008 - FIXED-LENGTH DATA ELEMENTS--GENERAL INFORMATION
fixed length control field 250820b |||||||| |||| 00| 0 eng d
020 ## - INTERNATIONAL STANDARD BOOK NUMBER
International Standard Book Number 1-74045-778-1.
040 ## - CATALOGING SOURCE
Original cataloging agency DWCL MAIN LIB
Transcribing agency OC
100 ## - MAIN ENTRY--PERSONAL NAME
Personal name BORDERS GROUP
245 ## - TITLE STATEMENT
Title The essential rice cookbook /
Statement of responsibility, etc. BORDERS GROUP
260 ## - PUBLICATION, DISTRIBUTION, ETC.
Place of publication, distribution, etc. China :
Name of publisher, distributor, etc. Murdoch Books Pty. Limited,
Date of publication, distribution, etc. c2005.
300 ## - PHYSICAL DESCRIPTION
Extent 304 pages :
Other physical details color illustrations ;
Dimensions 28cm.
504 ## - BIBLIOGRAPHY, ETC. NOTE
Bibliography, etc. note Includes glossary and index.
942 ## - ADDED ENTRY ELEMENTS (KOHA)
Source of classification or shelving scheme Dewey Decimal Classification
Koha item type Book Circulation
Call number prefix Circ.
Suppress in OPAC No
952 ## - LOCATION AND ITEM INFORMATION (KOHA)
--
Holdings
Withdrawn status Lost status Source of classification or shelving scheme Damaged status Not for loan Home library Current library Shelving location Date acquired Source of acquisition Total Checkouts Full call number Barcode Date last seen Copy number Price effective from Koha item type Uniform Resource Identifier
    Dewey Decimal Classification     HM & Nursing Library HM & Nursing Library Circulation 10/08/2015 Donation   Circ. 641.631 E78 2005 CL51165 08/20/2025 c1 08/20/2025 BK-CIRC